Mathematical methods in chemical engineering (Record no. 25039)

000 -LEADER
fixed length control field 00548nam a22002051 4500
001 - CONTROL NUMBER
control field 25039
003 - CONTROL NUMBER IDENTIFIER
control field BD-DhUET
008 - FIXED-LENGTH DATA ELEMENTS--GENERAL INFORMATION
fixed length control field 730313s1963 xx 000 0 eng
040 ## - CATALOGING SOURCE
Original cataloging agency DLC
Transcribing agency OClU
Modifying agency BD-DhUET
082 ## - DEWEY DECIMAL CLASSIFICATION NUMBER
Classification number 660.28
Item number JEN/1963
100 ## - MAIN ENTRY--PERSONAL NAME
Personal name Jenson, V. G.
245 10 - TITLE STATEMENT
Title Mathematical methods in chemical engineering
250 ## - EDITION STATEMENT
Edition statement 1st ed.
260 ## - PUBLICATION, DISTRIBUTION, ETC. (IMPRINT)
Place of publication, distribution, etc. London
Name of publisher, distributor, etc. Academic Press
Date of publication, distribution, etc. 1963
300 ## - PHYSICAL DESCRIPTION
Extent xi, 556 p.
Other physical details illus.
Dimensions 24cm.
504 ## - BIBLIOGRAPHY, ETC. NOTE
Bibliography, etc Includes bibliographies
650 #0 - SUBJECT ADDED ENTRY--TOPICAL TERM
Topical term or geographic name as entry element Chemical engineering
700 ## - ADDED ENTRY--PERSONAL NAME
Personal name Jeffreys, G. V.
942 ## - ADDED ENTRY ELEMENTS (KOHA)
Koha item type General Book
Holdings
Copy number Location (home branch) Damaged status Price effective from Koha normalized classification for sorting Koha item type Source of classification or shelving scheme Piece designation (barcode) Shelving location Sublocation or collection (holding branch) Date acquired Not for loan Lost status Koha date last seen Koha full call number Withdrawn status
1Central Library, BUET 2015-05-12660_280000000000000_JEN_1963General Book 22438Circulation sectionCentral Library, BUET2015-05-12  2015-05-12660.28/JEN/1963 
2Central Library, BUET 2015-05-12660_280000000000000_JEN_1963General Book 22440Circulation sectionCentral Library, BUET2015-05-12  2015-05-12660.28/JEN/1963 
3Central Library, BUET 2015-05-12660_280000000000000_JEN_1963General Book 22434Circulation sectionCentral Library, BUET2015-05-12  2015-05-12660.28/JEN/1963 
4Central Library, BUET 2015-05-18660_280000000000000_JEN_1963General Book 22432Circulation sectionCentral Library, BUET2015-05-18  2015-05-18660.28/JEN/1963 
5Central Library, BUET 2015-05-18660_280000000000000_JEN_1963General Book 22435Circulation sectionCentral Library, BUET2015-05-18  2015-05-18660.28/JEN/1963 
6Central Library, BUET 2015-05-18660_280000000000000_JEN_1963General Book 29450Circulation sectionCentral Library, BUET2015-05-18  2015-05-18660.28/JEN/1963 
7Central Library, BUET 2015-05-18660_280000000000000_JEN_1963General Book 29449Circulation sectionCentral Library, BUET2015-05-18  2015-05-18660.28/JEN/1963 
8Central Library, BUET 2015-05-18660_280000000000000_JEN_1963General Book 29448Circulation sectionCentral Library, BUET2015-05-18  2015-05-18660.28/JEN/1963 
9Central Library, BUET 2015-05-18660_280000000000000_JEN_1963General Book 29457Circulation sectionCentral Library, BUET2015-05-18  2015-05-18660.28/JEN/1963 
10Central Library, BUET 2015-05-18660_280000000000000_JEN_1963General Book 29454Circulation sectionCentral Library, BUET2015-05-18  2015-05-18660.28/JEN/1963 
11Central Library, BUET 2015-05-18660_280000000000000_JEN_1963General Book 29453Circulation sectionCentral Library, BUET2015-05-18  2015-05-18660.28/JEN/1963 
12Central Library, BUET 2015-05-18660_280000000000000_JEN_1963General Book 29451Circulation sectionCentral Library, BUET2015-05-18  2015-05-18660.28/JEN/1963 
13Central Library, BUET 2015-05-18660_280000000000000_JEN_1963General Book 22431Circulation sectionCentral Library, BUET2015-05-18  2015-05-18660.28/JEN/1963 
14Central Library, BUET 2015-05-18660_280000000000000_JEN_1963General Book 29452Circulation sectionCentral Library, BUET2015-05-18  2015-05-18660.28/JEN/1963 
15Central Library, BUET 2015-05-18660_280000000000000_JEN_1963General Book 22436Circulation sectionCentral Library, BUET2015-05-18  2015-05-18660.28/JEN/1963 
16Central Library, BUET 2015-06-17660_280000000000000_JEN_1963Reading Item 29456Reading sectionCentral Library, BUET2015-06-17  2015-06-17660.28/JEN/1963 
17Central Library, BUET 2015-06-18660_280000000000000_JEN_1963Reading Item 29455.Reading sectionCentral Library, BUET2015-06-18  2015-06-18660.28/JEN/1963 
18Central Library, BUET 2015-07-10660_280000000000000_JEN_1963Reading Item 22439Reading sectionCentral Library, BUET2015-07-10  2015-07-10660.28/JEN/1963